Readings in macroeconomics: current policy issues
Gardado en:
| Main Authors: | , , |
|---|---|
| Formato: | Libro |
| Idioma: | inglés |
| Publicado: |
Nueva York
McGraw-Hill
1974
|
| Subjects: | |
| Tags: |
Engadir etiqueta
Sen Etiquetas, Sexa o primeiro en etiquetar este rexistro!
|
MARC
| LEADER | 00000nam a2200000 a 4500 | ||
|---|---|---|---|
| 001 | UCQ1306 | ||
| 003 | CL-VaPUC | ||
| 008 | 980709e19740000US |||||||||||||||||eng|d | ||
| 082 | 0 | 4 | |a 339 |b MIT |2 21 |
| 100 | |a Mitchell, William E. |e autor |9 415913 | ||
| 700 | 0 | |a Hand, John H |e author |9 415062 | |
| 700 | 0 | |a Walter, Ingo |e author |9 415063 | |
| 245 | 1 | 0 | |a Readings in macroeconomics: current policy issues |
| 300 | |a 514 p | ||
| 942 | |c BK | ||
| 945 | |d 19980709 00:00:00 |a crobeson | ||
| 260 | |a Nueva York |b McGraw-Hill |c 1974 | ||
| 650 | 0 | |a Macroeconomía |9 260301 | |
| 650 | 0 | |a Empleos |9 256830 | |
| 650 | 0 | |a Consumo |9 333893 | |
| 650 | 0 | |a Inversiones |9 261520 | |
| 650 | 0 | |a Dinero |9 314331 | |
| 650 | 7 | |a INTERESES |2 CL-VaPUC |9 358017 | |
| 650 | 7 | |a FLUCTUACIONES |2 CL-VaPUC |9 378550 | |
| 650 | 0 | |a Política monetaria |9 258279 | |
| 650 | 0 | |a Inflación |9 257218 | |
| 583 | |a last modification |c 19980709 00:00:00 |k Rodrigo Vera | ||
| 999 | |c 272308 |d 272306 | ||